000 00541nam a22002057a 4500
003 OSt
005 20140310184351.0
008 131007t xxu||||| |||| 00| 0 eng d
020 _a9780439312714
050 _aG 1
_b.St798 2001
100 _aStawski, Paul E.
_925120
245 _aCode red :
_band other Sci-Fi tales /
_cPaul E. Stawski.
260 _aUSA :
_bScholastic Inc.,
_c2001
300 _a63 p. :
_bill. ;
_c20 cm.
521 _aG10
526 _c810
650 _aScience Fiction
942 _2lcc
_cBK-SCHOLAS
999 _c33941
_d33941